|
|
|
|
| LEADER |
00000cam a2200000 a 4500 |
| 001 |
67891 |
| 003 |
Ucuenca |
| 005 |
20230308161435.0 |
| 008 |
999011|1990 ch |||||r|||||||||||spa|| |
| 020 |
|
|
|a 0175558728
|
| 040 |
|
|
|b spa
|
| 041 |
0 |
|
|a eng
|
| 082 |
0 |
|
|a 428
|
| 100 |
1 |
|
|a Hadfield, Jill
|9 26305
|
| 245 |
|
|
|a Intermediate communication games. A collection of games and activities for low to mid-intermediate students of english
|c Jill Hadfield
|h imp
|
| 264 |
|
|
|a Melbourne
|b Cambridge University Press
|c 1990
|
| 300 |
|
|
|a xxv, 40 páginas:
|b ilu
|c 28 cm
|
| 500 |
|
|
|a Grupo 5: Speaking.
|
| 504 |
|
|
|a incl. ref.
|
| 650 |
1 |
|
|a Intermediate communication games
|9 26307
|
| 650 |
1 |
|
|a Games
|9 26308
|
| 650 |
1 |
|
|a Ingles enseñanza
|9 22780
|
| 650 |
1 |
|
|a Enseñanza del ingles
|9 16413
|
| 852 |
|
|
|a UC-CDJBV
|f Donación
|k npena
|l 1
|m General
|p 19990111
|r 2
|t 67891
|y 117514
|b 0
|d CDRC
|e CDRC
|g 428 SEGUNDO PISO
|z 1999-90-11
|
| 942 |
|
|
|c BK
|
| 999 |
|
|
|c 14507
|d 14507
|